00474 2200181 4500001002100000005001500021008004100036020002300077035001900100041000700119082000800126090001400134100002000148245004500168260003100213300002800244650002000272INLIS00000000002493220241224131825241224||||||||| | ||| |||| || |  a978-602-366--067-4 0010-1224024932 aid0 a813 a813 ANI k0 aAnisa Widiyarti00aKumpulan Cerita Pengubah Kebiasaan Buruk aSolobTiga Serangkaic2015 a168 hlm. ; ill. : 23 cm 0aFiksi Indonesia